S10 駅名クイズ - 京王電鉄 ver. - Statistics

General Stats
  • This quiz has been taken 117 times
  • The average score is 59 of 76
Answer Stats
Number Answer % Correct
KO01 新宿
100%
KO01 新宿
100%
KO06 明大前
99%
IN08 明大前
99%
KO18 調布
97%
KO18 調布
97%
KO04 笹塚
96%
KO04 笹塚
96%
KO34 京王八王子
95%
KO12 千歳烏山
93%
KO24 府中
93%
KO02 初台
93%
KO52 高尾
92%
KO53 高尾山口
92%
KO03 幡ヶ谷
91%
IN17 吉祥寺
91%
KO41 京王多摩センター
90%
KO45 橋本
90%
IN01 渋谷
90%
KO23 東府中
89%
KO23 東府中
89%
KO33 北野
88%
KO33 北野
88%
IN05 下北沢
88%
IN16 井の頭公園
88%
KO07 下高井戸
85%
KO29 高幡不動
85%
KO40 京王永山
85%
KO29 高幡不動
85%
KO05 代田橋
84%
KO08 桜上水
84%
IN02 神泉
84%
KO36 京王稲田堤
82%
KO19 西調布
81%
KO25 分倍河原
81%
KO47 多摩動物公園
81%
KO09 上北沢
80%
KO46 府中競馬正門前
80%
IN03 駒場東大前
80%
KO13 仙川
79%
KO20 飛田給
79%
KO27 聖蹟桜ヶ丘
79%
KO17 布田
78%
KO14 つつじヶ丘
77%
KO16 国領
77%
KO10 八幡山
75%
IN09 永福町
74%
KO39 若葉台
73%
IN10 西永福
73%
KO35 京王多摩川
71%
KO11 芦花公園
69%
KO43 南大沢
69%
IN14 久我山
69%
KO37 京王よみうりランド
68%
KO50 めじろ台
68%
KO38 稲城
67%
KO22 多磨霊園
66%
IN13 富士見ヶ丘
66%
KO15 柴崎
65%
IN12 高井戸
65%
IN15 三鷹台
65%
KO28 百草園
64%
KO48 京王片倉
64%
KO49 山田
63%
IN06 新代田
63%
KO26 中河原
62%
KO44 多摩境
62%
KO31 平山城址公園
60%
KO51 狭間
60%
KO21 武蔵野台
59%
KO30 南平
58%
IN07 東松原
58%
KO42 京王堀之内
57%
IN04 池ノ上
57%
IN11 浜田山
57%
KO32 長沼
52%
No matching quizzes found
Score Distribution
Percent of People with Each Score
Percentile by Number Answered
Your Score History
You have not taken this quiz